| 000 | 00904nam a2200277 a 4500 | ||
|---|---|---|---|
| 008 | |||
| 020 | _a019506769X (cased) | ||
| 049 | _aMAIN | ||
| 090 | 0 | 0 | _aKF1652 |
| 245 | 0 | 0 |
_aAntitrust, innovation, and competitiveness / _cedited by Thomas M. Jorde, David J. Teece. |
| 260 |
_aNew York : _bOxford University Press, _c1992. |
||
| 300 |
_aviii, 244 p. ; _c25 cm. |
||
| 504 | _aIncludes bibliographical references. | ||
| 500 | _aIncludes index. | ||
| 650 | 0 |
_aAntitrust law _xEconomic aspects _zUnited States. |
|
| 650 | 0 |
_aCompetition _zUnited States. |
|
| 650 | 0 | _aCompetition, International. | |
| 650 | 0 |
_aTechnological innovations _xEconomic aspects. |
|
| 700 | 1 | _aJorde, Thomas M. | |
| 700 | 1 | _aTeece, David J. | |
| 907 |
_a.b10134116 _b07-09-04 _c27-08-04 |
||
| 003 | |||
| 005 | 20230123133814.0 | ||
| 040 | _cNUST | ||
| 942 |
_cBOOKS _kKF1652 |
||
| 999 |
_c154930 _d154930 |
||